| 000 | 03319nam a22003617a 4500 | ||
|---|---|---|---|
| 005 | 20100924155620.0 | ||
| 010 | _aB-409631-643 | ||
| 020 |
_a9788126024315 _c75.00 |
||
| 035 | _aB-409631-643 | ||
| 037 | _bNorth India Publishers & Distributors | ||
| 082 | _a181.4 | ||
| 100 |
_aDeshpande, G.T. _921498 |
||
| 245 |
_aAbhinavagupta / _cby G.T. Deshpande |
||
| 260 |
_aNew Delhi _bSahitya Akademi _c2009(repr.) |
||
| 270 |
_aRabindra Bhawan, 35, Ferozeshah Road, _bNew Delhi _e110001 |
||
| 300 |
_a180p. _c22cm(pbk) |
||
| 500 | _aIncludes bibliographical references | ||
| 942 |
_2ddc _cEN _h181.4 _mDES |
||
| 999 |
_c47712 _d47712 |
||